000
00298nam a2200133Ia 4500
005
20251222155157.0
008
251222s9999||||xx |||||||||||||| ||spa||
082
_a
ADM. 15
100
_a
HOSPITALAR, Q.
245
0
_a
Qualidade Hospitalar
250
_a
1ra. ed.
264
_b
Memisa
942
_c
LIB
999
_c
39785
_d
39785